<?xml version="1.0" encoding="UTF-8"?>
<record
    xmlns:xsi="http://www.w3.org/2001/XMLSchema-instance"
    xsi:schemaLocation="http://www.loc.gov/MARC21/slim http://www.loc.gov/standards/marcxml/schema/MARC21slim.xsd"
    xmlns="http://www.loc.gov/MARC21/slim">

  <leader>01398nas a22002771i#4500</leader>
  <controlfield tag="001">2233</controlfield>
  <controlfield tag="003">ES-MaACL</controlfield>
  <controlfield tag="005">20250724062602.0</controlfield>
  <controlfield tag="007">t|</controlfield>
  <controlfield tag="008">950801d18361857sp  |         |  1 ||pa d</controlfield>
  <datafield tag="080" ind1=" " ind2=" ">
    <subfield code="a">7/8</subfield>
  </datafield>
  <datafield tag="080" ind1=" " ind2=" ">
    <subfield code="a">05(46.41)"18"</subfield>
  </datafield>
  <datafield tag="245" ind1="0" ind2="0">
    <subfield code="a">Semanario pintoresco espa&#xF1;ol.</subfield>
  </datafield>
  <datafield tag="260" ind1=" " ind2=" ">
    <subfield code="a">Madrid : </subfield>
    <subfield code="b">Imp. Tom&#xE1;s Jord&#xE1;n, </subfield>
    <subfield code="c">1836-1857 (</subfield>
    <subfield code="f">Tip. del Semanario)</subfield>
  </datafield>
  <datafield tag="300" ind1=" " ind2=" ">
    <subfield code="a">v : </subfield>
    <subfield code="b">grab ; </subfield>
    <subfield code="c">29 cm.</subfield>
  </datafield>
  <datafield tag="310" ind1=" " ind2=" ">
    <subfield code="a">Semanal</subfield>
  </datafield>
  <datafield tag="362" ind1="0" ind2=" ">
    <subfield code="a">N. 1 (3 abr. 1836)-n. 144 (dic. 1838) ; 2. serie, t. 1, n. 1 (en. 1839)-2. serie, t. 4, n. 52 (dic. 1842), 3. serie, t. 1, n. 1 (en. 1843)-3. serie, a&#xF1;o 10, t. 3, n. 51 (dic. 1845) ; nueva &#xE9;poca, a&#xF1;o 11, t. 1, n. 1 (en. 1846)-a&#xF1;o 22, t. 12, n. 51 (20 dic. 1857)</subfield>
  </datafield>
  <datafield tag="555" ind1=" " ind2=" ">
    <subfield code="a">&#xCD;ndices: a&#xF1;o 1-10 (1836-1845) en: 3. serie, a&#xF1;o 10, t. 3, n. 51.</subfield>
  </datafield>
  <datafield tag="555" ind1=" " ind2=" ">
    <subfield code="a">&#xCD;ndices elaborados por Jos&#xE9; Sim&#xF3;n D&#xED;az. Semanario pintoresco espa&#xF1;ol (Madrid, 1836-1857). Madrid : Instituto Nicol&#xE1;s Antonio del CSIC.</subfield>
  </datafield>
  <datafield tag="580" ind1=" " ind2=" ">
    <subfield code="a">Absorbe a: El Siglo pintoresco = ISSN 2171-0546; El Renacimiento (Madrid) = ISSN 1889-9188; y a las publicaciones Semanario pintoresco literario y art&#xED;stico , y Espa&#xF1;a pintoresca y art&#xED;stca de Van-Halen.</subfield>
  </datafield>
  <datafield tag="650" ind1=" " ind2="7">
    <subfield code="a">Cultura</subfield>
    <subfield code="2">embne</subfield>
    <subfield code="9">170963</subfield>
  </datafield>
  <datafield tag="700" ind1="1" ind2=" ">
    <subfield code="a">Gironella, Gervasio.</subfield>
    <subfield code="9">174878</subfield>
  </datafield>
  <datafield tag="852" ind1=" " ind2=" ">
    <subfield code="a">ES-MaACL </subfield>
    <subfield code="j">R-2555-71     </subfield>
    <subfield code="x"> Olim: B-5215-31</subfield>
  </datafield>
  <datafield tag="866" ind1=" " ind2="0">
    <subfield code="o">1836-46,1848-49,1851,1853-55.</subfield>
  </datafield>
  <datafield tag="999" ind1=" " ind2=" ">
    <subfield code="c">2233</subfield>
    <subfield code="d">2233</subfield>
  </datafield>
  <datafield tag="952" ind1=" " ind2=" ">
    <subfield code="0">0</subfield>
    <subfield code="1">0</subfield>
    <subfield code="4">0</subfield>
    <subfield code="7">0</subfield>
    <subfield code="8">Hemeroteca</subfield>
    <subfield code="a">ATENEOM</subfield>
    <subfield code="b">ATENEOM</subfield>
    <subfield code="c">DEPO</subfield>
    <subfield code="d">2008-01-17</subfield>
    <subfield code="e">SC</subfield>
    <subfield code="l">0</subfield>
    <subfield code="o">R-2555-71</subfield>
    <subfield code="p">1002273</subfield>
    <subfield code="r">2023-02-23 00:00:00</subfield>
    <subfield code="w">2023-02-23</subfield>
    <subfield code="y">PERIODICA</subfield>
  </datafield>
</record>
